Welcome to CU Library Online Public Access Catalogue (OPAC)

THE GREEK NEW TESTAMENT (Record no. 7254)

MARC details
000 -LEADER
fixed length control field 00417nam a22001577a 4500
005 - DATE AND TIME OF LATEST TRANSACTION
control field 20250809114846.0
008 - FIXED-LENGTH DATA ELEMENTS--GENERAL INFORMATION
fixed length control field 250809b |||||||| |||| 00| 0 eng d
020 ## - INTERNATIONAL STANDARD BOOK NUMBER
International Standard Book Number 9783438051103
050 ## - LIBRARY OF CONGRESS CALL NUMBER
Classification number REF 1965
Item number .G8 UBS
245 ## - TITLE STATEMENT
Title THE GREEK NEW TESTAMENT
Statement of responsibility, etc. EDITED BY BARBARA ALAND
250 ## - EDITION STATEMENT
Edition statement 4TH
260 ## - PUBLICATION, DISTRIBUTION, ETC.
Place of publication, distribution, etc. USA
Name of publisher, distributor, etc. UNITED BIBLE SOCIETIES
Date of publication, distribution, etc. c1995
300 ## - PHYSICAL DESCRIPTION
Extent xv, 918p
700 ## - ADDED ENTRY--PERSONAL NAME
Personal name BARBARA ALAND
942 ## - ADDED ENTRY ELEMENTS (KOHA)
Source of classification or shelving scheme Library of Congress Classification
Koha item type Books
Suppress in OPAC No
999 ## -
-- 7254
-- 7254
Holdings
Withdrawn status Lost status Source of classification or shelving scheme Damaged status Not for loan Collection Home library Current library Shelving location Date acquired Total checkouts Full call number Barcode Date last seen Copy number Price effective from Koha item type
    Library of Congress Classification     Reference Undergraduate Library (Christ Temple) Undergraduate Library (Christ Temple) General stacks 08/09/2025   REF BS1065.G8 UBS ulct00004304 08/09/2025 1 08/09/2025 Books
    Library of Congress Classification     Reference Undergraduate Library (Christ Temple) Undergraduate Library (Christ Temple) General stacks 08/09/2025   REF BS1937 GRE ulct00004305 08/09/2025 1 08/09/2025 Books
© 2023-2024 Copyright: Central University Libraries. All Rights Reserved | Created by: Mahone Tech Office